Регионална библиотека "Любен Каравелов" - Русе

Неизвестните (Запис номер 497644)

MARC детайли
000 -Лидер
Лидер 01745nam a2200313 a 4500
003 - Код на организацията, давaща контролен номер
Код на организацията, даваща контролен номер BLK
005 - Дата и час на последна редакция
Дата и час на последна редакция 20250218101817.0
007 - Фиксирано поле за физическо описани
Физическо описание ta
008 - Елементи от данни с фиксирана дължина
Елементи с фиксирана дължина 221104b bu |||||r|||| 00| | bu d
020 ## - Международен стандартен номер на книга ISBN
ISBN 978-619-7101-22-5
040 ## - Източник на каталожния запис
Код на библиотеката BLK
041 ## - Код за език
Език Български
Език за КДБФ Български
080 ## - УДК
9 (RLIN) 227592
УДК текст Българска литература
УДК код 821.163.2
УДК – определител -34
УДК – код + определител 821.163.2-34
084 ## - Класификационен индекс по друга класификация
Авторски знак Кал - К 16
100 ## - Редна дума - Автор
Автор Калиакренски, Яни
Пълна форма на името Хаджиянев, Яни Парашкевов
R(LIN) 449264
245 ## - Сведения за заглавието
Заглавие Неизвестните
Авторска отговорност Яни Калиакренски; състав. Атанас Димитров - АтаДим ; ил. Любомир Михайлов
260 ## - Област на издателските данни
9 (RLIN) 389809
Място на издаване Каварна [т.е. София]
Име на издателя Рекламна агенция Очи
Година на издаване 2023
300 ## - Физическа характеристика
Брой страници 158 с.
Размер 17 см
380 ## - Жанр
Жанр Худож. лит.
500 ## - Общи забележки
Обща забележка Яни Калиакренски - псевд. на авт. Яни Парашкевов Хаджиянев<br/>Пълната форма на името на състав. Атанас Димитров е Атанас Димитров Атанасов, на ил. Любомир Михайлов - Любомир Михайлов Йовев<br/>Яни Калиакренски и "Неизвестните" / Маргарита Терзиева: с. 3-11<br/>Кратко животоописание на Яни Калиакренски: с. 155-157<br/>Кратък речник: с. 149-153
700 ## - Други автори (авторска отговорност)
9 (RLIN) 429249
Друг автор Димитров, Атанас
700 ## - Други автори (авторска отговорност)
9 (RLIN) 432683
Друг автор Михайлов, Любомир
852 ## - Местоположение
Отдел Заемна - подръчен фонд
Систематично-азбучна сигнатура 821.163.2-32/К 16
852 ## - Местоположение
Отдел Хранилище
Сигнатура (форматна) Цб І 43036
856 ## - Електронен адрес и достъп
Инструкция (цена за достъп) 0.00
Права за достъп disable
942 ## - АРТИКУЛИ
Вид на библиотечния документ Книги
Скрит в OPAC Не
Koha issues (borrowed), all copies 4
944 ## - СЪЗДАВАНЕ И РЕДАКЦИЯ на ЗАПИСА
Дата на регистрацията/редакция Моника Янева
Служител, извършил регистрацията/редакцията 30553
Номер на служител Иваничка Йорданова
999 ## - СИСТЕМНИ КОНТРОЛНИ НОМЕРА
Koha biblionumber 497644
Koha biblioitemnumber 497644
999 ## - СИСТЕМНИ КОНТРОЛНИ НОМЕРА
Koha biblioitemnumber 497644
Наличности
Код за отписване Код за изгубен артикул Източник на класификационната схема Код за повреда Код за отдаване Артикулен № Име на библиотеката - собственик Име на библиотеката, в която се намира в момента Статус (Текущо местоположение) Дата на вписване в системата Местоположение - отдел Цена в лева Инвентарен номер Систематично азбучна сигнатура Баркод Цена в евро Служебен тип на артикула Коз за рестрикции
  Не е изгубен Universal Decimal Classification Не е повреден заемане за дома 936329 Регионална библиотека "Любен Каравелов" Русе Регионална библиотека "Любен Каравелов" Русе Заемна - подръчен фонд 2023-11-08 Заемна - подръчен фонд 12.00 120000895395 821.163.2-32/К 16 Я 120000895395 6.14 Книги  
  Не е изгубен Universal Decimal Classification Не е повреден ползва се в читалня 938861 Регионална библиотека "Любен Каравелов" Русе Регионална библиотека "Любен Каравелов" Русе Хранилище 2024-01-16 Хранилище 12.00 120000897892 Цб І 42664 120000897892 6.14 Книги само за читалня
  Не е изгубен Universal Decimal Classification Не е повреден заемане за дома 940206 Регионална библиотека "Любен Каравелов" Русе Регионална библиотека "Любен Каравелов" Русе Заемна - подръчен фонд 2024-02-14 Заемна - подръчен фонд 12.00 120000899234 821.163.2-32/К 16 Я 120000899234 6.14 Книги  
Vip Innovations Ltd, Rousse, Bulgaria 2025